The lost glory of kaibarttas in assam / (Record no. 140079)

MARC details
000 -LEADER
fixed length control field 00587nam a22001817a 4500
005 - DATE AND TIME OF LATEST TRANSACTION
control field 20230726121302.0
010 ## - LCCN (DPL NO)
LC control number ENG-118229
020 ## - INTERNATIONAL STANDARD BOOK NUMBER
International Standard Book Number 9788172132880
Terms of availability 495.00
035 ## - SYSTEM CONTROL NUMBER
System control number EN-101761
037 ## - SOURCE OF ACQUISITION
Source of stock number/acquisition DBAD/PUB
082 ## - DEWEY DECIMAL CLASSIFICATION NUMBER
Classification number 305.80095451
100 ## - MAIN ENTRY--PERSONAL NAME
Personal name Hazarika, Prafulla
245 ## - TITLE STATEMENT
Title The lost glory of kaibarttas in assam /
Statement of responsibility, etc by Prafulla, Hazarika
260 ## - PUBLICATION, DISTRIBUTION, ETC. (IMPRINT)
Place of publication, distribution, etc Guwahati
Name of publisher, distributor, etc Purbanchal prakash
Date of publication, distribution, etc 2015
270 ## - ADDRESS
Address H. No. -2, Seujee Path, Wireless, Dr. B. N. Saikia Road , Guwahati-781006
300 ## - PHYSICAL DESCRIPTION
Extent 160.00p.
Dimensions 22cm. (Hb)
942 ## - ADDED ENTRY ELEMENTS (KOHA)
Source of classification or shelving scheme Dewey Decimal Classification
Item type English Books
Classification part 305.80095451
Call number suffix HAZ
Holdings
Withdrawn status Lost status Not for loan Collection code Home library Current library Date acquired Source of acquisition Cost, normal purchase price Full call number Barcode Copy number Cost, replacement price Koha item type
      Non-fiction Shahdara Branch Shahdara Branch 18/05/2017 DBAD/PUB 495.00 305.80095451 HAZ EN-101761 1 495.00 English Books

© Delhi Public Library
Hit Counter
free hit counter